Programming and customizing the OOPic microcontroller : (Record no. 70125)

000 -LEADER
fixed length control field 01166cam a22003014a 4500
001 - CONTROL NUMBER
control field 13207703
003 - CONTROL NUMBER IDENTIFIER
control field NUST - PNEC
005 - DATE AND TIME OF LATEST TRANSACTION
control field 20170116181134.0
008 - FIXED-LENGTH DATA ELEMENTS--GENERAL INFORMATION
fixed length control field 030521s2003 nyua b 001 0 eng
010 ## - LIBRARY OF CONGRESS CONTROL NUMBER
LC control number 2003054073
020 ## - INTERNATIONAL STANDARD BOOK NUMBER
International Standard Book Number 0071420843
040 ## - CATALOGING SOURCE
Original cataloging agency DLC
Transcribing agency LIBRARY
Modifying agency DLC
-- WaU
042 ## - AUTHENTICATION CODE
Authentication code pcc
050 00 - LIBRARY OF CONGRESS CALL NUMBER
Classification number TJ223.P76
Item number C57 2003
082 00 - DEWEY DECIMAL CLASSIFICATION NUMBER
Classification number 629.8925117 CLA
Edition number 21
100 1# - MAIN ENTRY--PERSONAL NAME
Personal name Clark, Dennis.
245 10 - TITLE STATEMENT
Title Programming and customizing the OOPic microcontroller :
Remainder of title the official OOPic handbook /
Statement of responsibility, etc. Dennis Clark.
260 ## - PUBLICATION, DISTRIBUTION, ETC.
Place of publication, distribution, etc. New York :
Name of publisher, distributor, etc. McGraw-Hill,
Date of publication, distribution, etc. c2003.
300 ## - PHYSICAL DESCRIPTION
Extent xxv, 437 p. :
Other physical details ill. ;
Dimensions 24 cm. +
Accompanying material 1 CD-ROM (4 3/4 in.)
504 ## - BIBLIOGRAPHY, ETC. NOTE
Bibliography, etc. note Includes bibliographical references and index.
650 #0 - SUBJECT ADDED ENTRY--TOPICAL TERM
Topical term or geographic name entry element Programmable controllers.
General subdivision General
650 #0 - SUBJECT ADDED ENTRY--TOPICAL TERM
Topical term or geographic name entry element Microcontrollers.
650 #0 - SUBJECT ADDED ENTRY--TOPICAL TERM
Topical term or geographic name entry element Embedded computer systems.
856 42 - ELECTRONIC LOCATION AND ACCESS
Materials specified Contributor biographical information
Uniform Resource Identifier <a href="http://www.loc.gov/catdir/bios/mh042/2003054073.html">http://www.loc.gov/catdir/bios/mh042/2003054073.html</a>
856 41 - ELECTRONIC LOCATION AND ACCESS
Materials specified Table of contents
Uniform Resource Identifier <a href="http://www.loc.gov/catdir/toc/mh041/2003054073.html">http://www.loc.gov/catdir/toc/mh041/2003054073.html</a>
942 ## - ADDED ENTRY ELEMENTS (KOHA)
Source of classification or shelving scheme
Koha item type Book
Holdings
Withdrawn status Lost status Source of classification or shelving scheme Damaged status Not for loan Permanent Location Current Location Shelving location Date acquired Total Checkouts Full call number Barcode Date last seen Price effective from Koha item type
          Pakistan Navy Engineering College (PNEC) Pakistan Navy Engineering College (PNEC)   10/07/2015   629.8925117 CLA PNECLIB-028214 10/07/2015   Book
© 2023 Central Library, National University of Sciences and Technology. All Rights Reserved.